[Event "Roncana op-B 13th"]
[Site "Santa Eulalia de Roncana"]
[Date "2019.10.26"]
[Round "5"]
[White "Gomez Sanchez, Javier"]
[Black "Garcia Torres, Adolfo"]
[Result "1-0"]
[WhiteElo "1405"]
[BlackElo "1517"]
[PlyCount "67"]
[EventDate "2019.09.28"]
[EventType "swiss"]
[EventRounds "8"]
[EventCountry "ESP"]
[SourceTitle "CBM 193 Extra"]
[Source "ChessBase"]
[SourceDate "2020.01.31"]
[SourceVersion "1"]
[SourceVersionDate "2020.01.31"]
[SourceQuality "1"]

1. e4 e5 2. Nf3 Nf6 3. d4 exd4 4. e5 Nd5 5. Qxd4 Nb4 6. Qd1 h6 7. Bc4 d6 8. c3 N4c6 9. Qb3 Nxe5 10. Nxe5 Qe7 11. Bxf7+ Kd8 12. 0-0 Qxe5 13. Bd2 Be7 14. Re1 Qf6 15. Be3 Rf8 16. Bh5 Nc6 17. Nd2 b6 18. Bf3 Na5 19. Qc2 Bf5 20. Bd4 Qg6 21. Qa4 Bd7 22. Qa3 Qf7 23. Bxa8 d5 24. Bxd5 Bxa3 25. Bxf7 Bxb2 26. Rab1 Ba3 27. Be6 Bc6 28. Bxg7 Re8 29. Bf7 Rxe1+ 30. Rxe1 Nb7 31. Re6 Bd7 32. Rxh6 Bc1 33. Bf6+ Kc8 34. Rh8+ 1-0

[Event "Vall del Tenes op 5th"]
[Site "Vall del Tenes"]
[Date "2016.06.03"]
[Round "7"]
[White "Garcia Torres, Adolfo"]
[Black "Amat Domenech, Carles"]
[Result "0-1"]
[WhiteElo "1457"]
[BlackElo "1737"]
[PlyCount "44"]
[EventDate "2016.04.08"]
[EventType "swiss"]
[EventRounds "8"]
[EventCountry "ESP"]
[SourceTitle "CBM 172 Extra"]
[Source "ChessBase"]
[SourceDate "2016.06.21"]
[SourceVersion "1"]
[SourceVersionDate "2016.06.21"]
[SourceQuality "1"]

1. d4 b6 2. e3 Bb7 3. Nf3 e6 4. b3 d6 5. Bd3 Be7 6. e4 h6 7. 0-0 Nd7 8. c4 Ngf6 9. Re1 g5 10. h3 g4 11. hxg4 Nxg4 12. Bf4 h5 13. Nbd2 Rg8 14. Nh2 Bg5 15. Bxg5 Qxg5 16. Nxg4 hxg4 17. Re3 0-0-0 18. Rg3 Qh4 19. Kf1 Nf6 20. d5 Nh5 21. Re3 Qh1+ 22. Ke2 Nf4# 0-1

[Event "Roncana op-B 9th"]
[Site "Santa Eulalia de Roncana"]
[Date "2015.10.03"]
[Round "1"]
[White "Garcia Torres, Adolfo"]
[Black "Garcia Gonzalez, Ernest"]
[Result "1/2-1/2"]
[WhiteElo "1857"]
[BlackElo "1765"]
[PlyCount "70"]
[EventDate "2015.10.03"]
[EventType "swiss"]
[EventRounds "8"]
[EventCountry "ESP"]
[SourceTitle "EXT 2017"]
[Source "ChessBase"]
[SourceDate "2016.10.25"]
[SourceVersion "1"]
[SourceVersionDate "2016.10.25"]
[SourceQuality "1"]

1. d4 g6 2. e3 d6 3. Bd3 Bg7 4. Nd2 Nf6 5. c3 0-0 6. Ngf3 Nbd7 7. a4 c5 8. 0-0 Re8 9. Re1 e5 10. Ne4 Nxe4 11. Bxe4 Nf6 12. Qc2 d5 13. Bxg6 fxg6 14. Nxe5 Bf5 15. Qb3 Qc7 16. f3 Rab8 17. g4 c4 18. Qa2 Be6 19. Rb1 Nd7 20. Nxd7 Qxd7 21. b4 Bxg4 22. fxg4 Qxg4+ 23. Qg2 Qf5 24. Rb2 Re4 25. Rf2 Qd7 26. Rf4 Rbe8 27. Rxe4 Rxe4 28. Qf3 Qxa4 29. Rf1 Qd7 30. Bd2 h5 31. h3 Re7 32. Qg3 Kh7 33. Kh2 Bh6 34. Rf3 Qd8 35. Rf6 Rg7 1/2-1/2

[Event "Vall del Tenes op 2nd"]
[Site "Vall del Tenes"]
[Date "2013.05.31"]
[Round "8"]
[White "Castells Garriga, Pedro"]
[Black "Garcia Torres, Adolfo"]
[Result "0-1"]
[WhiteElo "1697"]
[BlackElo "1718"]
[PlyCount "92"]
[EventDate "2013.04.05"]
[EventType "swiss"]
[EventRounds "8"]
[EventCountry "ESP"]
[SourceTitle "EXT 2014"]
[Source "ChessBase"]
[SourceDate "2013.11.20"]
[SourceVersion "1"]
[SourceVersionDate "2013.11.20"]
[SourceQuality "1"]

1. e4 e5 2. Nf3 Nf6 3. Nc3 c6 4. Nxe5 Qe7 5. Nf3 Nxe4 6. Nxe4 Qxe4+ 7. Qe2 Qxe2+ 8. Bxe2 d5 9. d4 h6 10. Bf4 Bf5 11. c3 Nd7 12. 0-0 Be7 13. Nh4 Bxh4 14. Bd6 0-0-0 15. a4 Rhe8 16. Bh5 g6 17. Bf3 h5 18. a5 Re6 19. Bb4 Rde8 20. h3 Bd3 21. Rfd1 Be2 22. Bxe2 Rxe2 23. g3 Bd8 24. Rab1 Rc2 25. Re1 Rce2 26. Kf1 Rxe1+ 27. Rxe1 Rxe1+ 28. Kxe1 Nf6 29. f3 Bc7 30. Kf2 Kd7 31. Bc5 Bxa5 32. Bxa7 b5 33. Bb8 Bc7 34. Bxc7 Kxc7 35. Ke3 Kd6 36. Kf4 Nh7 37. h4 Ke6 38. g4 hxg4 39. fxg4 Nf6 40. Kg5 Ne4+ 41. Kf4 Nf2 42. h5 gxh5 43. gxh5 Kf6 44. b4 Ne4 45. Kg4 Nxc3 46. Kf4 Na2 0-1